000 00518nam a2200181 a 4500
001 000018965
005 20200929165906.0
008 100521q1988 mx r 000 0 spa d
020 _a968442020X
040 _aDO-SdBNP
_bspa
_cBNPHU
082 _axxx
_bL333s
100 1 _aLarragaña, Ignacio
_940805
245 1 0 _aSube Conmigo :
_bpara los que viven en común /
_cIgnacio Larragaña.
250 _a3a ed.
260 _aMéxico D. F. :
_bLibrería Parroquial,
_c[1988].
300 _a229 p. ;
_c19 cm.
049 _aBNGR
999 _c18483
_d18483